000 00235nam a2200097Ia 4500
001 688612
005 20250826161618.0
008 250824s9999 xx 000 0 und d
245 0 _aBUZ SARAYI
_cTARJEİ VESAAS
260 _bTİMAŞ YAYINLARI
999 _c688612
_d688612